Gestion des déchets solides au marché Dantokpa: états des lieux et perspectives (Record no. 48847)
[ view plain ]
| 000 -LEADER | |
|---|---|
| fixed length control field | 00814nam a22002537a 4500 |
| 003 - CONTROL NUMBER IDENTIFIER | |
| control field | 0 |
| 005 - DATE AND TIME OF LATEST TRANSACTION | |
| control field | 20160609170353.0 |
| 008 - FIXED-LENGTH DATA ELEMENTS--GENERAL INFORMATION | |
| fixed length control field | 110107t xxu||||| |||| 00| 0 eng d |
| 037 ## - SOURCE OF ACQUISITION | |
| Stock number | R16559 |
| Source of stock number/acquisition | BIBLIO |
| 040 ## - SOURCE DU CATALOGAGE | |
| Original cataloging agency | EPAC |
| Language of cataloging | F |
| Transcribing agency | BIBLIO |
| 082 ## - DEWEY DECIMAL CLASSIFICATION NUMBER | |
| Classification number | 26.APE/LEG |
| 100 ## - VEDETTE PRINCIPALE - NOM DE PERSONNE | |
| Personal name | Sèna H. LEGBAGAH |
| 9 (RLIN) | 13657 |
| 245 ## - TITLE STATEMENT | |
| Title | Gestion des déchets solides au marché Dantokpa: états des lieux et perspectives |
| 250 ## - EDITION STATEMENT | |
| Edition statement | CAP |
| 260 ## - PUBLICATION, DISTRIBUTION, ETC. (IMPRINT) | |
| Place of publication, distribution, etc | EPAC |
| Name of publisher, distributor, etc | BIBLIO |
| Date of publication, distribution, etc | 2005-2006 |
| 300 ## - PHYSICAL DESCRIPTION | |
| Extent | 46p |
| Other physical details | Ill. en coul. |
| Dimensions | 30cm |
| 440 ## - SERIES STATEMENT/ADDED ENTRY--TITLE | |
| Number of part/section of a work | 4parties |
| 9 (RLIN) | 13658 |
| 500 ## - GENERAL NOTE | |
| General note | Liste des tableaux ; liste des figures et photos; liste des sigles et abréviations; références bibliographiques |
| 650 ## - SUBJECT ADDED ENTRY--TOPICAL TERM | |
| Topical term or geographic name as entry element | DECHET DANTOKPA |
| 9 (RLIN) | 13659 |
| 650 ## - SUBJECT ADDED ENTRY--TOPICAL TERM | |
| Topical term or geographic name as entry element | GESTION |
| 9 (RLIN) | 13660 |
| 650 ## - SUBJECT ADDED ENTRY--TOPICAL TERM | |
| Topical term or geographic name as entry element | PERSPECTIVE |
| 9 (RLIN) | 13661 |
| 700 ## - ADDED ENTRY--PERSONAL NAME | |
| Personal name | CHOUGOUROU Daniel |
| 9 (RLIN) | 13662 |
| 942 ## - ADDED ENTRY ELEMENTS (KOHA) | |
| Koha item type | Thèse et Memoire |
| Withdrawn status | Lost status | Damaged status | Not for loan | Location (home branch) | Sublocation or collection (holding branch) | Date acquired | Source of acquisition | Koha issues (times borrowed) | Koha full call number | Piece designation (barcode) | Koha date last seen | Copy number | Price effective from | Koha item type | Public note |
|---|---|---|---|---|---|---|---|---|---|---|---|---|---|---|---|
| Bibliothèque Ecole Polytechnique d'Abomey-Calavi | Bibliothèque Ecole Polytechnique d'Abomey-Calavi | 07/01/2011 | CAP | 26.APE/LEG | 16559EPAC | 07/01/2011 | 1 | 07/01/2011 | Thèse et Memoire | Prêt à domicile | |||||
| Bibliothèque Ecole Polytechnique d'Abomey-Calavi | Bibliothèque Ecole Polytechnique d'Abomey-Calavi | 23/02/2011 | CAP | 26.APE/CAP | R16784EPAC | 23/02/2011 | 2 | 23/02/2011 | Thèse et Memoire | Prêt à domicile |